000 00401nam a2200133Ia 4500
008 220217s9999||||xx |||||||||||||| ||und||
020 _a0-07-058793-0
082 _a005.13 ABR
100 _aAbramson, Ian Abbey, Michael, S& Coreu, Michael
245 0 _aOracle database 10g: a beginner's guide
260 _aTata mcgraw hill
_bNew Delhi
_c2004
300 _b395
650 _aPROGRAMMING LANGUAGE
999 _c173086
_d173086